Ο άγιος Νεόφυτος, πρεσβύτερος μοναχός και έγκλειστος και η ιερά αυτού Μονή : ήτοι βίος του αγίου, ιστορία της Μονής, μοναχολόγιον, τα προσκυνήματα, το συγγραφικόν έργον του αγίου
Αποθηκεύτηκε σε:
| Κύριος συγγραφέας: | |
|---|---|
| Μορφή: | Βιβλίο |
| Γλώσσα: | Greek |
| Δημοσίευση: |
Πάφος :
[χ.ό.],
1955.
|
| Θέματα: | |
| Ετικέτες: |
Προσθήκη ετικέτας
Δεν υπάρχουν, Καταχωρήστε ετικέτα πρώτοι!
|
MARC
| LEADER | 00000cam a2200000 i 4500 | ||
|---|---|---|---|
| 001 | 1/91028 | ||
| 008 | 080715s1955 cy | || |||| ||gre|| | ||
| 035 | |l 10098966 | ||
| 040 | |a GR-MyUa |b gre |e AACR2 | ||
| 041 | 0 | |a gre | |
| 082 | 7 | |a 281.9092 |2 (22) | |
| 100 | 1 | |a Τσικνόπουλλος, Ιωάννης Π. | |
| 245 | 1 | 2 | |a Ο άγιος Νεόφυτος, πρεσβύτερος μοναχός και έγκλειστος και η ιερά αυτού Μονή : |b ήτοι βίος του αγίου, ιστορία της Μονής, μοναχολόγιον, τα προσκυνήματα, το συγγραφικόν έργον του αγίου / |c υπό Ιωάννου Π. Τσικνόπουλλου. |
| 260 | |a Πάφος : |b [χ.ό.], |c 1955. | ||
| 300 | |a 230 σ. ; |c 24 εκ. | ||
| 504 | |a Περιέχει βιβλιογραφίες. | ||
| 600 | 0 | 0 | |a Νεόφυτος ο Έγκλειστος, |c Όσιος, |d 1134-1219. |
| 610 | 2 | 0 | |a Μονή Αγίου Νεοφύτου (Πάφος, Κύπρος) |
| 650 | 0 | |a Saints |x Biography. | |
| 852 | |a INST |b RHODES |c AKA |e 20080715 |h 281.9092 ΤΣΙ |p 005400027740 |q 005400027740 |t BK |y 0 | ||
| 901 | |a BIBL4-2008-2 | ||
| 970 | |a ΚΟΖΑ |b ΜΑΡΙΑ |z 2008/07/15 | ||